Wrestlers by Picture 19: NWA Mid-Atlantic (JCP) in the 70's - Statistics

General Stats
  • This quiz has been taken 46 times
  • The average score is 8 of 16
Answer Stats
Picture Answer % Correct
Dusty Rhodes
98%
Ric Flair
93%
Harley Race
83%
Wahoo McDaniel
66%
Ivan Koloff
63%
Jack Brisco
63%
Terry Funk
63%
Jerry Brisco
59%
Ole Anderson
54%
Dory Funk Jr.
37%
Don Kernodle
29%
Angelo "King Kong" Mosca
27%
Gene Anderson
24%
Paul Jones
24%
Thunderbolt Patterson
22%
Les Thatcher
7%
No matching quizzes found
Score Distribution
Percent of People with Each Score
Percentile by Number Answered
Your Score History
You have not taken this quiz